000 00405nam a2200121Ia 4500
008 160609s9999 xx 000 0 und d
100 _aBrown, Abbie H.
245 _aSecuring The Connected Classroom: Technology Planning To Keep Students Safe
245 _cBy:Abbie H. Brown, Tim D. Green
260 _c2015
650 _xEDUCATIONAL TECHNOLOGY
856 _uhttp://file.ebook777.com/007/9781564843548.pdf
999 _c295915
_d295915